| 000 | 00944nac a22002411u 4500 | ||
|---|---|---|---|
| 010 | _a 97028269 | ||
| 020 | _a0321014510 (hc) | ||
| 082 | 0 | 0 |
_a368 _bR381 |
| 090 |
_c4539 _d4539 |
||
| 100 | _aRejda, George E., | ||
| 245 | 1 | 0 |
_aPrinciples of risk management and insurance / _cGeorge E. Rejda. |
| 250 | _a6th ed. | ||
| 260 |
_aReading, Mass. : _bAddison Wesley, _c1998. |
||
| 300 |
_a1 v. (various pagings) : _bill. (some col.) ; _c26 cm. |
||
| 504 | _aIncludes bibliographical references and index. | ||
| 650 | 0 | _aInsurance. | |
| 650 | 0 |
_aInsurance _zUnited States. |
|
| 650 | 0 | _aRisk (Insurance) | |
| 650 | 0 | _aRisk management. | |
| 942 |
_cBB _k368R381 |
||
| 999 |
_c4539 _d4539 |
||